| 000 | 00000nam##2200000za#4500 |
| 001 | 9.581198 |
| 003 | CaOODSP |
| 005 | 20210624191414 |
| 007 | cr ||||||||||| |
| 008 | 150406|2006||||xxc|||||o f|0| 0 eng|d |
| 040 | |aCaOODSP|beng |
| 043 | |an-cn--- |
| 086 | 1 |aNH18-22/106-113E-PDF |
| 110 | 2 |aCanada Mortgage and Housing Corporation. |
| 245 | 10|aGreen roofs : |h[electronic resource]|ba resource manual for municipal policy makers |
| 260 | |aOttawa - Ontario : |bCanada Mortgage and Housing Corporation |cc2006. |
| 300 | |a4p.|bcoloured illus. |
| 490 | 1 |aResearch highlight. Technical series|v06-113 |
| 500 | |aFile reproduced from original print. |
| 590 | |a14-20-Supp|b2014-11-25 |
| 775 | 08|tToits verts : |w(CaOODSP)9.608044 |
| 776 | 0#|tGreen roofs : |w(CaOODSP)9.618053 |
| 830 | #0|aResearch highlight. Technical series ;|v06-113|w(CaOODSP)9.504482 |
| 856 | 40|ahttp://publications.gc.ca|qPDF|s652 KB|uhttps://publications.gc.ca/collections/collection_2014/schl-cmhc/NH18-22-106-113-eng.pdf|y06-113 |